000 00524nam a2200193Ia 4500
003 OSt
005 20240527103149.0
008 210210b2009 xxu||||| |||| 00| 0 eng d
040 _cAL
041 _aKannada
082 _aK894.3 SAYM
100 _aSAYISUTE
_989836
_dಸಾಯಿಸುತೆ
245 _aMoggodeda mouna
_bಮೊಗ್ಗೊಡೆದ ಮೌನ
260 _aBengaluru
_bKarnataka Sahitya Prakashana
_c2009
300 _a183
690 _aKannada Fiction
_989837
906 _a063931
942 _2ddc
_cBK
999 _c139518
_d139518